| 000 | 01036cam a22002651i 4500 | ||
|---|---|---|---|
| 003 | SA-RiAUC | ||
| 005 | 20241223073010.0 | ||
| 008 | 241220s1980 le g b 00010 ara c | ||
| 040 |
_aSA-JeALM _bara _cSA-RiAUC _erda |
||
| 082 | 0 | 4 |
_a257.5 _qSA-RiAUC |
| 090 |
_a257.5 _bم ح م |
||
| 100 | 1 |
_aمحمصاني، صبحي، _d1909-1986 _eمؤلف. |
|
| 245 | 1 | 2 |
_aالمجتهدون في القضاء : _bمختارات من أقضية السلف / _cتأليف صبحي المحمصاني. |
| 250 | _aالطبعة الأولى. | ||
| 264 | 1 |
_aبيروت : _bدار العلم للملايين، _c1980 |
|
| 300 |
_a286 صفحة ؛ _c24 سم |
||
| 336 |
_aنص _btxt _2rdacontent _3كتاب |
||
| 337 |
_aبدون وسيط _bn _2rdamedia |
||
| 338 |
_aمجلد _bnc _2rdacarrier |
||
| 504 | _aببليوجرافية : صفحة 274-279. | ||
| 504 | _aيشتمل على إرجاعات ببليوجرافية. | ||
| 650 | 7 |
_aالقضاء في الإسلام _2aucsh |
|
| 942 |
_2ddc _cBOOK _n0 |
||
| 949 |
_aSA-JeALM _d241220 _umohamedma123 _n1 |
||
| 999 |
_c3803 _d3803 |
||